| 000 | 00667nam a22002650a 4500 | ||
|---|---|---|---|
| 001 | PT41124 | ||
| 003 | AR-LpoUNG | ||
| 005 | 20210131230822.0 | ||
| 008 | 191001s1994||||ag |||||||||||||||||spa d | ||
| 020 |
_a9505060556 _c$9.62 |
||
| 040 |
_aAR-LpoUNG _bspa _cAR-LpoUNG _eaacr |
||
| 041 | _aspa | ||
| 044 | _aag | ||
| 082 | 0 | _a410 843dec | |
| 100 | 1 | _aDucrot, Oswald | |
| 245 | 1 | 3 | _aEl decir y lo dicho |
| 250 | _a2§ edición | ||
| 260 |
_aBuenos Aires : _bEdicial, _cjunio de 1994. |
||
| 300 |
_a279 p. : _bdiagrs. |
||
| 650 | 4 | _aLINGÜISTICA | |
| 650 | 4 | _aTERMINOLOGIA | |
| 651 | 4 | _aDOCUMENTOS TEORICOS O METODOLOGICOS | |
| 905 | _a41124 | ||
| 942 | _cLIB | ||
| 999 |
_c6363 _d6363 |
||